[Event "IND-ch Women 2019"]
[Site "Karaikkudi"]
[Date "2019.07.25"]
[Round "9.2"]
[White "Priyanka, Kumari"]
[Black "Vantika Agrawal"]
[Result "1-0"]
[WhiteElo "1991"]
[BlackElo "2243"]
[Annotator "NA"]
[PlyCount "139"]
[EventDate "2019.07.19"]
[EventType "swiss"]
[EventCountry "IND"]
[SourceTitle "playchess.com"]
[Source "ChessBase"]
[SourceQuality "1"]
[TimeControl "40/5400+30:1800+30"]

1. e4 {[%emt 0:00:02]} g6 {[%emt 0:00:00]} 2. d4 {[%emt 0:00:30]} Bg7 {[%emt 0:00:00]} 3. Nc3 {[%emt 0:00:39]} d6 {[%emt 0:00:00]} 4. Be3 {[%emt 0:02:10]} a6 {[%emt 0:00:05]} 5. a4 {[%emt 0:00:49]} Nf6 {[%emt 0:00:35]} 6. f3 {[%emt 0:03:33]} O-O {[%emt 0:00:39]} 7. Qd2 {[%emt 0:01:16]} Nc6 {[%emt 0:01:10]} 8. h4 {[%emt 0:03:43]} e5 {[%emt 0:10:09]} 9. d5 {[%emt 0:09:18]} Nd4 {[%emt 0:04:08]} 10. Nce2 {[%emt 0:10:20]} Nxe2 {[%emt 0:08:09]} 11. Nxe2 {[%emt 0:02:18]} c6 {[%emt 0:00:50]} 12. c4 {[%emt 0:02:36]} cxd5 {[%emt 0:06:59]} 13. cxd5 $14 {[%emt 0:01:08]} Bd7 {[%emt 0:09:02]} 14. a5 {[%emt 0:05:28]} Bb5 {[%emt 0:11:48]} 15. g4 {[%emt 0:13:35]} Bxe2 {[%emt 0:09:49]} 16. Bxe2 {[%emt 0:01:43]} Rc8 {[%emt 0:00:44]} 17. h5 {[%emt 0:04:33]} Nd7 {[%emt 0:02:53]} 18. Bh6 {[%emt 0:08:50]} Bxh6 {[%emt 0:02:57]} 19. Qxh6 {[%emt 0:00:08]} Qe7 {[%emt 0:03:55]} 20. hxg6 {[%emt 0:06:23]} fxg6 {[%emt 0:00:10]} 21. Kd2 {[%emt 0:01:08]} Rc7 {[%emt 0:04:33]} 22. Rac1 {[%emt 0:03:11]} Nc5 {[%emt 0:05:33]} 23. Qe3 {[%emt 0:00:29]} Rfc8 {[%emt 0:01:08]} 24. Rc4 {[%emt 0:04:11]} Ne6 {[%emt 0:09:14]} 25. Rxc7 {[%emt 0:01:34]} Qxc7 {[%emt 0:00:40]} 26. dxe6 {[%emt 0:06:22]} Qxa5+ {[%emt 0:00:17]} 27. Kd3 {[%emt 0:00:35]} Qb5+ {[%emt 0:02:08]} 28. Kd2 {[%emt 0:00:04]} Qa5+ {[%emt 0:00:07]} 29. Kd3 {[%emt 0:00:08]} d5 {[%emt 0:05:26]} 30. Bd1 {[%emt 0:06:45]} d4 {[%emt 0:00:25]} 31. Qh6 {[%emt 0:00:34]} Qb5+ {[%emt 0:01:10]} 32. Kd2 {[%emt 0:00:04]} Qxb2+ {[%emt 0:00:39]} 33. Ke1 {[%emt 0:00:20]} Rc7 {[%emt 0:00:28]} 34. Qg5 {[%emt 0:00:38]} Qb4+ {[%emt 0:00:36]} 35. Kf2 {[%emt 0:00:11]} Qe7 {[%emt 0:00:32]} 36. Qxe7 {[%emt 0:00:28]} Rxe7 {[%emt 0:00:10]} 37. Bb3 {[%emt 0:00:05]} Kg7 {[%emt 0:00:34]} 38. Rc1 {[%emt 0:01:15]} b5 {[%emt 0:00:40]} 39. Rc5 {[%emt 0:00:19]} Kf6 {[%emt 0:00:12]} 40. g5+ {[%emt 0:00:00]} Kxg5 {[%emt 0:00:00]} 41. Rxe5+ {[%emt 0:01:54]} Kf4 {[%emt 0:02:54]} 42. Rc5 {[%emt 0:05:03]} h5 {[%emt 0:02:33]} 43. Rc8 {[%emt 0:05:36]} a5 {[%emt 0:07:36]} 44. Rf8+ {[%emt 0:00:51]} Ke5 {[%emt 0:00:13]} 45. Rf7 {[%emt 0:02:01]} Re8 {[%emt 0:00:14]} 46. Rb7 {[%emt 0:00:22]} a4 {[%emt 0:00:57]} 47. Rxb5+ {[%emt 0:00:16]} Kf4 {[%emt 0:00:47]} 48. Bc4 {[%emt 0:01:30]} h4 {[%emt 0:04:48]} 49. Rb7 {[%emt 0:03:15]} h3 {[%emt 0:04:07]} 50. Rf7+ {[%emt 0:01:31]} Ke5 {[%emt 0:00:16]} 51. Kg3 {[%emt 0:00:39]} Kd6 {[%emt 0:05:34]} 52. Ra7 {[%emt 0:01:01]} d3 {[%emt 0:01:45]} 53. Bxd3 {[%emt 0:03:12]} Rh8 {[%emt 0:00:35]} 54. Ra6+ {[%emt 0:01:50]} Ke7 {[%emt 0:00:54]} 55. Kh2 {[%emt 0:00:15]} Rc8 {[%emt 0:01:44]} 56. Rxa4 {[%emt 0:02:45]} Kxe6 {[%emt 0:00:08]} 57. Kxh3 {[%emt 0:00:34]} Rc3 {[%emt 0:00:12]} 58. Bc4+ {[%emt 0:01:04]} Ke5 {[%emt 0:00:14]} 59. Kg3 {[%emt 0:00:17]} Rc1 {[%emt 0:01:08]} 60. Bf7 {[%emt 0:00:52]} g5 {[%emt 0:01:05]} 61. Ra5+ {[%emt 0:00:18]} Kf6 {[%emt 0:00:22]} 62. Rf5+ {[%emt 0:00:08]} Kg7 {[%emt 0:00:15]} 63. Bd5 {[%emt 0:00:30]} Kg6 {[%emt 0:00:06]} 64. Bf7+ {[%emt 0:00:58]} Kg7 {[%emt 0:00:20]} 65. Bh5 {[%emt 0:01:04]} Kh6 {[%emt 0:00:32]} 66. Bg4 {[%emt 0:00:07]} Kg6 {[%emt 0:00:14]} 67. Ra5 {[%emt 0:00:46]} Rc6 {[%emt 0:00:25]} 68. Bf5+ {[%emt 0:00:38]} Kf6 {[%emt 0:00:25]} 69. Kg4 {[%emt 0:00:14]} Rb6 {[%emt 0:01:43]} 70. e5+ {[%emt 0:00:11]} 1-0

[Event "IND-ch Women 2019"]
[Site "Karaikkudi"]
[Date "2019.07.25"]
[Round "9.3"]
[White "Mrudul Dehankar"]
[Black "Divya Deshmukh"]
[Result "1/2-1/2"]
[WhiteElo "2074"]
[BlackElo "2373"]
[Annotator "TA"]
[PlyCount "96"]
[EventDate "2019.07.19"]
[EventType "swiss"]
[EventCountry "IND"]
[SourceTitle "playchess.com"]
[Source "ChessBase"]
[SourceQuality "1"]

{[%evp 25,96,36,43,40,37,54,52,6,6,0,0,1,15,-3,-7,-17,0,-27,-15,-15,-12,-22,0,0,0,22,49,36,78,-14,-9,-41,-52,-54,-42,-43,75,-25,0,-16,0,-18,0,-18,67,0,28,-25,-25,-35,-14,-20,-18,-47,-46,-78,-55,-70,-32,-43,-5,-45,-25,-35,-41,-66,-47,-62,-18,-39,-45,-39,18]} 1. e4 c5 2. Nf3 d6 3. d4 Nf6 4. Nc3 cxd4 5. Nxd4 Nc6 6. Bg5 e6 7. Qd2 a6 8. O-O-O Be7 9. f4 Bd7 10. Nf3 b5 11. e5 b4 12. exf6 bxc3 13. Qxc3 gxf6 14. Kb1 {B68: Sicilian: Richter-Rauzer: 7...a6 8 0-0-0 Bd7 9 f4 Be7} Rg8 15. Bh4 Rb8 {[#]} 16. Bc4 $146 {White is slightly better.} ({Predecessor:} 16. Rg1 Qb6 17. Be2 f5 18. Bxe7 Kxe7 19. b3 Rgc8 20. Qg7 Nb4 21. Ng5 Be8 22. Nxh7 {½-½ (29) Volokitin,A (2634)-Salgado Lopez,I (2624) Germany 2018}) 16... a5 17. a3 a4 18. Rhe1 Qa5 {White must now prevent ...Qxc3.} 19. Qxa5 (19. Bxf6 {is more complex.} Bxf6 20. Qxf6 Rg6 21. Qh8+ Ke7 22. Qxh7 Qc3 23. Bb3) 19... Nxa5 20. Bd3 h6 21. Re2 Nb7 {[%cal Ba5b7,Bb7c5,Bc5e4][%mdl 32]} 22. Nd4 Nc5 23. Bc4 Rg4 24. g3 d5 25. Ba2 $1 Ne4 {And now ...Nc3+ would win.} 26. Ka1 {Threatens to win with c4.} Nd6 27. h3 (27. Rde1 $1 $16) 27... Rg8 $11 28. g4 Kf8 $1 29. Rde1 Bd8 30. c3 {[#]} Kg7 {[#]} (30... h5 $1 $15 {[%mdl 512]} 31. Rg2 (31. gxh5 Rh8 $15) 31... hxg4 32. hxg4 Rh8) 31. Bb1 (31. f5 $1 $16 {[%mdl 512]}) 31... Bb6 32. Bf2 Rgc8 33. Bd3 Rc7 34. Rg1 Kf8 (34... Bxd4 $11 35. Bxd4 Bb5 36. Bxb5 Nxb5) 35. Rd1 (35. g5 $14 hxg5 36. fxg5 fxg5 37. Rxg5) 35... Nc4 36. Bxc4 ({White should try} 36. g5) 36... Rxc4 37. Bh4 Bd8 38. Rde1 Kg7 39. Bg3 {White wants to play f5.} Bc7 40. Bh2 Bd6 41. Ka2 Rb6 42. Rd2 Bc8 43. Rdd1 Ba6 44. Rd2 Rc8 45. Rg2 Bc4+ 46. Ka1 Bd3 47. Rd2 Be4 48. Ne2 Rh8 {Accuracy: White = 22%, Black = 28%.} ({Better is} 48... Kh7 $15) 1/2-1/2

[Event "IND-ch Women 2019"]
[Site "Karaikkudi"]
[Date "2019.07.25"]
[Round "9.4"]
[White "Varshini, V."]
[Black "Soumya, Swaminathan"]
[Result "1-0"]
[WhiteElo "2087"]
[BlackElo "2402"]
[Annotator "NA"]
[PlyCount "91"]
[EventDate "2019.07.19"]
[EventType "swiss"]
[EventCountry "IND"]
[SourceTitle "playchess.com"]
[Source "ChessBase"]
[SourceQuality "1"]
[TimeControl "40/5400+30:1800+30"]

1. e4 {[%emt 0:00:00]} g6 {[%emt 0:00:00]} 2. d4 {[%emt 0:00:00]} Bg7 {[%emt 0:00:00]} 3. Nf3 {[%emt 0:00:00]} d6 {[%emt 0:00:00]} 4. Nc3 {[%emt 0:00:30]} a6 {[%emt 0:00:59]} 5. a4 {[%emt 0:00:25]} Nf6 {[%emt 0:00:10]} 6. Be2 {[%emt 0:00:50]} O-O {[%emt 0:00:40]} 7. O-O {[%emt 0:00:28]} Nc6 {[%emt 0:00:45]} 8. h3 {[%emt 0:01:35]} e5 {[%emt 0:01:43]} 9. Be3 {[%emt 0:03:50]} exd4 {[%emt 0:08:13]} 10. Nxd4 {[%emt 0:00:29]} Bd7 {[%emt 0:00:16] B08: Pirc Defence: Classical System} (10... Re8 11. Nxc6 bxc6 12. Bd3 c5 13. Rb1 Bb7 14. Bg5 h6 15. Bxf6 Qxf6 16. Bc4 c6 17. Qd3 a5 18. Rbd1 {1-0 (57) Malakhov,V (2702)-Nepomniachtchi,I (2728) Sochi 2015}) 11. Nb3 $146 {[%emt 0:22:24]} ({Predecessor:} 11. Nxc6 Bxc6 12. Bd4 Re8 13. f3 Nh5 14. Bxg7 Kxg7 15. Qd4+ Kg8 16. Bc4 Nf4 17. Kh2 Qg5 18. g3 {½-½ (52) Visakh,N (2431)-Chigaev,M (2549) Pardubice 2016}) 11... Re8 {[%emt 0:02:34]} 12. Bd3 {[%emt 0:04:58]} Nb4 {[%emt 0:06:33]} 13. Qd2 {[%emt 0:05:00]} Nxd3 {[%emt 0:14:44]} 14. cxd3 {[%emt 0:01:11]} b6 {[%emt 0:02:00]} 15. Bg5 {[%emt 0:05:11]} Bc6 {[%emt 0:00:04]} 16. Rfe1 {[%emt 0:10:25]} Qd7 {[%emt 0:04:13]} 17. Bxf6 {[%emt 0:03:10]} Bxf6 {[%emt 0:00:04]} 18. d4 {[%emt 0:00:07]} d5 {[%emt 0:10:57]} 19. e5 {[%emt 0:04:27]} Bg7 {[%emt 0:00:32]} 20. Nc1 $11 {[%emt 0:02:35]} f6 {[%emt 0:03:54]} 21. f4 {[%emt 0:02:20]} a5 {[%emt 0:08:37]} 22. Nd3 {[%emt 0:01:39]} Bb7 {[%emt 0:00:07]} 23. Rad1 {[%emt 0:13:23]} Rad8 {[%emt 0:04:37]} 24. Re2 {[%emt 0:05:24]} Ba6 {[%emt 0:01:55]} 25. Rde1 {[%emt 0:02:49]} c5 {[%emt 0:07:04]} 26. exf6 {[%emt 0:04:50]} Rxe2 {[%emt 0:02:45]} 27. Rxe2 {[%emt 0:01:05]} Bxf6 {[%emt 0:00:07]} 28. Ne5 {[%emt 0:01:17]} Qc8 {[%emt 0:02:49]} 29. Nb5 {[%emt 0:01:06]} cxd4 {[%emt 0:03:13]} 30. Ng4 {[%emt 0:01:33]} Bg7 {[%emt 0:00:17]} 31. Re7 {[%emt 0:00:47]} Qc5 {[%emt 0:04:35]} 32. Qe1 {[%emt 0:01:30]} d3+ {[%emt 0:02:14]} 33. Kh2 {[%emt 0:00:16]} d4 {[%emt 0:06:58]} 34. Qe6+ {[%emt 0:00:04]} Kh8 {[%emt 0:00:08]} 35. Nh6 {[%emt 0:01:06]} Qxe7 {[%emt 0:01:45]} 36. Qxe7 {[%emt 0:00:06]} Rf8 {[%emt 0:00:04]} 37. Nd6 {[%emt 0:00:57]} Bxh6 {[%emt 0:01:05]} 38. Nf7+ {[%emt 0:00:17]} Rxf7 {[%emt 0:00:10]} 39. Qxf7 {[%emt 0:00:05]} d2 {[%emt 0:00:59]} 40. Qe8+ {[%emt 0:00:00]} Kg7 {[%emt 0:00:00]} 41. Qd7+ {[%emt 0:05:17]} Kg8 {[%emt 0:03:20]} 42. Qd5+ {[%emt 0:01:17]} Kf8 {[%emt 0:00:44]} 43. Qxd4 {[%emt 0:00:31]} d1=Q {[%emt 0:00:46]} 44. Qxd1 {[%emt 0:00:05]} Bxf4+ {[%emt 0:00:07]} 45. g3 {[%emt 0:01:11]} Bc7 {[%emt 0:00:22]} 46. Qd7 {[%emt 0:00:21]} 1-0

[Event "IND-ch Women 2019"]
[Site "Karaikkudi"]
[Date "2019.07.25"]
[Round "9.5"]
[White "Gomes, Mary Ann"]
[Black "Swati Ghate"]
[Result "1-0"]
[WhiteElo "2303"]
[BlackElo "2192"]
[Annotator "NA"]
[PlyCount "83"]
[EventDate "2019.07.19"]
[EventType "swiss"]
[EventCountry "IND"]
[SourceTitle "playchess.com"]
[Source "ChessBase"]
[SourceQuality "1"]
[TimeControl "40/5400+30:1800+30"]

1. Nf3 {[%emt 0:00:00]} Nf6 {[%emt 0:01:15]} 2. c4 {[%emt 0:00:00]} c5 {[%emt 0:00:16]} 3. Nc3 {[%emt 0:00:17]} g6 {[%emt 0:05:04]} 4. b3 {[%emt 0:00:43]} Bg7 {[%emt 0:00:18]} 5. Bb2 {[%emt 0:00:05]} b6 {[%emt 0:03:23]} 6. g3 {[%emt 0:00:08]} Bb7 {[%emt 0:00:07]} 7. Bg2 {[%emt 0:00:07]} O-O {[%emt 0:01:38]} 8. O-O {[%emt 0:00:05]} d6 {[%emt 0:02:06]} 9. e3 {[%emt 0:01:07]} Nbd7 {[%emt 0:04:17]} 10. d4 {[%emt 0:00:56]} a6 $14 {[%emt 0:01:29]} 11. Re1 {[%emt 0:00:28]} Qc7 {[%emt 0:11:36]} 12. e4 {[%emt 0:00:36]} cxd4 {[%emt 0:00:22]} 13. Nxd4 {[%emt 0:00:06]} e6 {[%emt 0:00:36]} 14. Rc1 {[%emt 0:01:11]} Rfd8 {[%emt 0:03:02]} 15. Ba3 {[%emt 0:11:01]} Ne8 {[%emt 0:04:45]} 16. Re2 {[%emt 0:03:36]} Rac8 {[%emt 0:02:17]} 17. Rd2 {[%emt 0:01:28]} Qb8 {[%emt 0:01:03]} 18. Nde2 {[%emt 0:08:36]} Ndf6 {[%emt 0:10:21]} 19. Rcc2 {[%emt 0:04:43]} b5 {[%emt 0:27:39]} 20. cxb5 {[%emt 0:01:21]} axb5 {[%emt 0:18:26]} 21. Bb4 {[%emt 0:12:04]} Qa8 {[%emt 0:00:00]} 22. f3 {[%emt 0:00:05]} d5 {[%emt 0:00:00]} 23. e5 {[%emt 0:00:23]} Nd7 {[%emt 0:00:00]} 24. f4 {[%emt 0:00:09]} Nc7 {[%emt 0:00:00]} 25. Nd4 {[%emt 0:00:20]} Na6 {[%emt 0:00:00]} 26. Ba5 {[%emt 0:12:03]} b4 {[%emt 0:00:00]} 27. Ncb5 {[%emt 0:00:06]} Rxc2 {[%emt 0:00:00]} 28. Nxc2 {[%emt 0:04:09]} Rb8 {[%emt 0:00:00]} 29. Nd6 {[%emt 0:05:24]} Bc6 {[%emt 0:00:00]} 30. Nd4 {[%emt 0:00:13]} Ndc5 {[%emt 0:00:00]} 31. Qc1 {[%emt 0:02:08]} Bd7 {[%emt 0:00:00]} 32. Bc7 {[%emt 0:00:54]} Nxc7 {[%emt 0:00:40]} 33. Qxc5 {[%emt 0:00:06]} Na6 {[%emt 0:00:17]} 34. Qa5 {[%emt 0:00:21]} Qa7 {[%emt 0:02:31]} 35. Bf1 {[%emt 0:00:15]} Rb6 {[%emt 0:00:06]} 36. Kg2 {[%emt 0:02:39]} h5 {[%emt 0:00:34]} 37. Bb5 {[%emt 0:05:40]} Bxb5 {[%emt 0:01:34]} 38. N4xb5 {[%emt 0:00:14]} Rxb5 {[%emt 0:01:18]} 39. Qxb5 {[%emt 0:01:01]} h4 {[%emt 0:00:53]} 40. Rc2 {[%emt 0:00:00]} Bf8 {[%emt 0:00:00]} 41. Rc8 {[%emt 0:02:09]} Nc7 {[%emt 0:02:51]} 42. Qd7 {[%emt 0:00:39]} 1-0

[Event "IND-ch Women 2019"]
[Site "Karaikkudi"]
[Date "2019.07.25"]
[Round "9.6"]
[White "Pratyusha, Bodda"]
[Black "Thipsay, Bagyashree Sathe"]
[Result "1-0"]
[WhiteElo "2265"]
[BlackElo "2093"]
[Annotator "NA"]
[PlyCount "79"]
[EventDate "2019.07.19"]
[EventType "swiss"]
[EventCountry "IND"]
[SourceTitle "playchess.com"]
[Source "ChessBase"]
[SourceQuality "1"]
[TimeControl "40/5400+30:1800+30"]

1. d4 {[%emt 0:00:00]} d5 {[%emt 0:00:00]} 2. c4 {[%emt 0:00:00]} e6 {[%emt 0:00:00]} 3. Nc3 {[%emt 0:00:00]} Be7 {[%emt 0:00:00]} 4. cxd5 {[%emt 0:00:00]} exd5 {[%emt 0:00:00]} 5. Bf4 {[%emt 0:00:00]} c6 {[%emt 0:00:03]} 6. Qc2 {[%emt 0:00:02]} Bd6 {[%emt 0:00:56]} 7. Bxd6 {[%emt 0:00:21] D31: Queen's Gambit Declined: Semi-Slav without ...Nf6 (+ Marshall Gambit and Noteboom) and Exchange Variation lines without ...Nf6} Qxd6 {[%emt 0:00:06]} 8. e3 {[%emt 0:00:02]} Ne7 {[%emt 0:00:06]} 9. Bd3 {[%emt 0:00:03]} b6 {[%emt 0:00:59]} 10. Nf3 {[%emt 0:00:30]} Ba6 {[%emt 0:00:42]} 11. a3 {[%emt 0:01:40]} (11. O-O Bxd3 12. Qxd3 O-O 13. e4 Nd7 14. Rfe1 Rfe8 {0-1 (27) Nakamura,H (2780)-Topalov,V (2749) Saint Louis 2017}) 11... Bxd3 {[%emt 0:01:30]} 12. Qxd3 {[%emt 0:00:04]} Nd7 {[%emt 0:00:10]} 13. O-O {[%emt 0:00:20]} O-O {[%emt 0:00:25]} 14. b4 $146 {[%emt 0:00:55]} ({Predecessor:} 14. Ne2 a5 {1-0 (53) Trigo Urquijo,S (2389)-Maisuradze,N (2266) Leiria 2017}) 14... a5 {[%emt 0:10:54]} 15. b5 {[%emt 0:01:28]} c5 {[%emt 0:00:12]} 16. dxc5 {[%emt 0:00:06]} Nxc5 {[%emt 0:00:16]} 17. Qb1 {[%emt 0:04:26]} Ne6 {[%emt 0:06:14]} 18. Rd1 {[%emt 0:09:48]} Rac8 {[%emt 0:06:44]} 19. Qb2 {[%emt 0:10:28]} Rc4 {[%emt 0:03:03]} 20. Ne2 {[%emt 0:09:39]} Rfc8 {[%emt 0:10:42]} 21. Ned4 {[%emt 0:00:41]} Nc5 {[%emt 0:06:15]} 22. Nd2 {[%emt 0:03:56]} Rxd4 $2 {[%emt 0:08:57]} (22... Ra4 $11 {and Black is okay.}) 23. Qxd4 {[%emt 0:01:30]} Nf5 $2 {[%emt 0:04:25] [#]} (23... Qd7 24. Nf3 Qxb5) 24. Qg4 {[%emt 0:00:35]} (24. Nc4 $142 $1 {[%mdl 512]} Nxd4 (24... dxc4 25. Qxd6) 25. Nxd6 Ne2+ 26. Kf1) 24... Qf6 {[%emt 0:05:07]} 25. Nf3 {[%emt 0:03:47]} h6 $18 {[%emt 0:03:21]} 26. Nd4 {[%emt 0:04:28]} Nd6 {[%emt 0:00:13]} 27. Qf3 {[%emt 0:02:56]} Qg5 {[%emt 0:06:41]} 28. Nc6 {[%emt 0:01:30]} Re8 {[%emt 0:04:32]} 29. Rxd5 {[%emt 0:03:51]} Qg6 {[%emt 0:01:38]} 30. Ne5 {[%emt 0:00:36]} Qe6 {[%emt 0:02:15]} 31. Rxd6 {[%emt 0:01:08]} Qxe5 {[%emt 0:01:18]} 32. Rad1 {[%emt 0:00:19]} Re6 {[%emt 0:01:27]} 33. Rxe6 {[%emt 0:00:15]} Qxe6 {[%emt 0:00:17]} 34. Qd5 {[%emt 0:00:32]} Qg4 {[%emt 0:00:19]} 35. Qd4 {[%emt 0:00:28]} Qe2 {[%emt 0:00:23]} 36. a4 {[%emt 0:09:08]} Ne4 {[%emt 0:02:31]} 37. Rf1 {[%emt 0:02:10]} Qc2 {[%emt 0:01:38]} 38. Qxb6 {[%emt 0:02:14]} Nd2 {[%emt 0:00:51]} 39. Qc6 {[%emt 0:00:33]} Qxa4 {[%emt 0:02:14]} 40. Rc1 {[%emt 0:00:00]} 1-0

[Event "IND-ch Women 2019"]
[Site "Karaikkudi"]
[Date "2019.07.25"]
[Round "9.7"]
[White "Harshita Guddanti"]
[Black "Nandhidhaa, P V"]
[Result "0-1"]
[WhiteElo "2078"]
[BlackElo "2259"]
[Annotator "NA"]
[PlyCount "158"]
[EventDate "2019.07.19"]
[EventType "swiss"]
[EventCountry "IND"]
[SourceTitle "playchess.com"]
[Source "ChessBase"]
[SourceQuality "1"]
[TimeControl "40/5400+30:1800+30"]

1. e4 {[%emt 0:00:06]} c5 {[%emt 0:00:00]} 2. Nf3 {[%emt 0:00:05]} e6 {[%emt 0:00:00]} 3. d4 {[%emt 0:00:06]} cxd4 {[%emt 0:00:00]} 4. Nxd4 {[%emt 0:00:05]} a6 {[%emt 0:00:00]} 5. Nc3 {[%emt 0:00:40]} Qc7 {[%emt 0:00:00]} 6. f4 {[%emt 0:08:42]} b5 {[%emt 0:04:07]} 7. Bd3 {[%emt 0:02:07]} Bb7 {[%emt 0:00:54] B43: Sicilian: Kan Variation: 5 Nc3} 8. Nb3 {[%emt 0:07:41]} (8. Qe2 Nf6 9. e5 b4 10. Ne4 Nxe4 11. Bxe4 Bc5 12. Nb3 Bb6 13. Bxb7 Qxb7 14. Be3 O-O 15. Bxb6 Qxb6 16. O-O-O {1-0 (64) Nevednichy,V (2557)-Kovalenko,I (2656) Cappelle-la-Grande 2015}) 8... b4 $146 {[%emt 0:03:05]} ({Predecessor:} 8... Nf6 9. e5 Nd5 10. Ne4 d6 11. Nxd6+ Bxd6 12. exd6 Qxd6 13. O-O Nd7 14. Qe2 O-O 15. Bd2 {1-0 (53) Calcado,A (2156)-Poeta,C (1872) Osasco 2012}) 9. Ne2 {[%emt 0:04:33]} Nf6 {[%emt 0:01:46]} 10. Ng3 {[%emt 0:02:24]} h5 {[%emt 0:02:34]} 11. Qf3 {[%emt 0:04:29]} h4 {[%emt 0:02:48]} 12. Ne2 {[%emt 0:01:48]} h3 {[%emt 0:01:23]} 13. g4 {[%emt 0:24:28] [#]} d5 $1 {[%emt 0:02:39]} 14. Ng3 {[%emt 0:03:17]} Nbd7 {[%emt 0:00:48]} 15. g5 {[%emt 0:07:40]} dxe4 {[%emt 0:02:27]} 16. Nxe4 {[%emt 0:00:27]} Nxe4 {[%emt 0:00:27]} 17. Bxe4 {[%emt 0:00:49]} Bxe4 {[%emt 0:00:06]} 18. Qxe4 {[%emt 0:00:04]} Rc8 {[%emt 0:00:09]} 19. Bd2 {[%emt 0:06:49]} Qxc2 {[%emt 0:08:19]} 20. Qxc2 {[%emt 0:04:42]} Rxc2 {[%emt 0:00:17]} 21. Ke2 {[%emt 0:01:54]} Nb6 $15 {[%emt 0:05:40]} 22. Rhc1 {[%emt 0:02:32]} Rxc1 {[%emt 0:00:08]} 23. Rxc1 {[%emt 0:00:29]} Kd7 {[%emt 0:00:17]} 24. Nc5+ {[%emt 0:08:04]} Bxc5 {[%emt 0:01:12]} 25. Rxc5 {[%emt 0:00:05]} Nd5 {[%emt 0:00:32]} 26. Kf3 {[%emt 0:03:25]} Kd6 {[%emt 0:06:09]} 27. Ra5 {[%emt 0:01:14]} Ra8 {[%emt 0:00:06]} 28. a3 {[%emt 0:01:11]} b3 {[%emt 0:04:56]} 29. Bb4+ {[%emt 0:01:59]} Kc6 {[%emt 0:02:10]} 30. f5 {[%emt 0:00:51]} g6 {[%emt 0:03:12]} 31. fxg6 {[%emt 0:00:45]} fxg6 {[%emt 0:00:06]} 32. Rc5+ {[%emt 0:01:14]} Kb6 {[%emt 0:00:10]} 33. Rc4 {[%emt 0:00:33]} a5 {[%emt 0:01:05]} 34. Bd2 {[%emt 0:00:24]} Kb5 {[%emt 0:17:24]} 35. Re4 {[%emt 0:00:28]} Ra6 {[%emt 0:00:12]} 36. a4+ {[%emt 0:00:50]} Kc5 {[%emt 0:00:06]} 37. Kg3 {[%emt 0:00:23]} Kd6 {[%emt 0:00:25]} 38. Rc4 {[%emt 0:00:48]} Nb6 {[%emt 0:11:36]} 39. Rh4 {[%emt 0:00:43]} Kd5 {[%emt 0:01:40]} 40. Bc3 {[%emt 0:00:00]} e5 {[%emt 0:00:00]} 41. Kf3 {[%emt 0:08:04]} Ra8 {[%emt 0:05:03]} 42. Ke2 {[%emt 0:04:26]} Rc8 {[%emt 0:06:11]} 43. Rxh3 {[%emt 0:06:14]} Nxa4 {[%emt 0:01:52]} 44. Rd3+ {[%emt 0:04:21]} Ke6 {[%emt 0:02:00]} 45. Bd2 {[%emt 0:04:16]} Nc5 {[%emt 0:12:04]} 46. Rf3 {[%emt 0:01:38]} a4 {[%emt 0:00:13]} 47. Rf6+ {[%emt 0:00:59]} Kd5 {[%emt 0:00:08]} 48. Bb4 {[%emt 0:02:01]} Rc6 {[%emt 0:05:15]} 49. h4 {[%emt 0:02:08]} Ne6 {[%emt 0:02:43]} 50. Ke3 {[%emt 0:00:28]} Rc4 {[%emt 0:01:30]} 51. Ba3 {[%emt 0:00:40]} Rxh4 {[%emt 0:00:36]} 52. Rxg6 {[%emt 0:00:26]} Rg4 {[%emt 0:00:05]} 53. Rg8 {[%emt 0:00:57]} Nxg5 {[%emt 0:09:49]} 54. Rd8+ {[%emt 0:00:04]} Ke6 {[%emt 0:00:06]} 55. Re8+ {[%emt 0:00:04]} Kf6 {[%emt 0:00:38]} 56. Rf8+ {[%emt 0:00:15]} Nf7 {[%emt 0:00:03]} 57. Ra8 {[%emt 0:00:14]} Rc4 {[%emt 0:00:46]} 58. Kd3 {[%emt 0:01:11]} Rd4+ {[%emt 0:00:14]} 59. Ke2 {[%emt 0:01:14]} Nd8 {[%emt 0:01:55]} 60. Bc5 {[%emt 0:00:32]} Rc4 {[%emt 0:00:22]} 61. Be3 {[%emt 0:00:45]} Ne6 {[%emt 0:00:20]} 62. Kd3 {[%emt 0:00:15]} Rg4 {[%emt 0:00:39]} 63. Bd2 {[%emt 0:00:23]} Nc5+ {[%emt 0:01:30]} 64. Ke2 {[%emt 0:00:13]} Rc4 {[%emt 0:02:13]} 65. Kd1 {[%emt 0:00:46]} Ne4 {[%emt 0:01:11]} 66. Be3 {[%emt 0:00:21]} Kf5 {[%emt 0:01:12]} 67. Ra5 {[%emt 0:00:32]} Nf6 {[%emt 0:01:36]} 68. Bd2 {[%emt 0:00:39]} Ke4 {[%emt 0:00:27]} 69. Ra8 {[%emt 0:00:41]} Nd5 {[%emt 0:00:32]} 70. Ra5 {[%emt 0:00:24]} Rd4 {[%emt 0:01:47]} 71. Ke1 {[%emt 0:00:41]} Kd3 {[%emt 0:00:30]} 72. Kd1 {[%emt 0:00:17]} e4 {[%emt 0:01:08]} 73. Rc5 {[%emt 0:00:24]} e3 {[%emt 0:00:57]} 74. Bc1 {[%emt 0:00:02]} Ke4+ {[%emt 0:00:31]} 75. Ke1 {[%emt 0:00:04]} Nf4 {[%emt 0:00:30]} 76. Rc3 {[%emt 0:00:28]} Nd3+ {[%emt 0:00:30]} 77. Kf1 {[%emt 0:00:07]} Nxc1 {[%emt 0:00:06]} 78. Rxc1 {[%emt 0:00:03]} Kf3 {[%emt 0:00:14]} 79. Ke1 {[%emt 0:00:47]} Rh4 {[%emt 0:00:08]} 0-1